Nebezpečné výrobky a systémy rýchlej výmeny informácií bakalárska práca

Gespeichert in:
Bibliographische Detailangaben
1. Verfasser: Horský, Juraj
Körperschaft: Obchodná fakulta EU. Katedra tovaroznalectva a kvality tovaru
Weitere Verfasser: Košútová, Tatiana, 1962-
Format: Buch
Sprache:Slowakisch
Veröffentlicht: Bratislava 2010
Tags: Tag hinzufügen
Keine Tags, Fügen Sie das erste Tag hinzu!

MARC

LEADER 00000nam$a2200000$$$4500
001 0135225
005 20240320074318.5
041 0 |a slo 
044 |a SK 
245 1 0 |a Nebezpečné výrobky a systémy rýchlej výmeny informácií  |b bakalárska práca  |c Juraj Horský ; školiteľ: Tatiana Košútová 
264 1 |a Bratislava  |c 2010 
300 |a 40 s. 
100 1 |a Horský, Juraj 
700 1 |a Košútová, Tatiana, 1962- 
710 2 |a Obchodná fakulta EU. Katedra tovaroznalectva a kvality tovaru